000 02096nam a2200421 a 4500
001 ebr10483538
003 CaPaEBR
006 m u
007 cr cn|||||||||
008 100203s2011 nyu sb 001 0deng d
010 _z 2010003657
020 _z9780838757710 (alk. paper)
020 _z9781611480283
020 _z9781611480290 (e-book)
040 _aCaPaEBR
_cCaPaEBR
035 _a(OCoLC)747412123
043 _ae-gx---
050 1 4 _aPT361
_b.T83 2011eb
082 0 4 _a830.9/145
_222
100 1 _aTucker, Brian,
_d1976-
245 1 0 _aReading riddles
_h[electronic resource] :
_brhetorics of obscurity from Romanticism to Freud /
_cBrian Tucker.
260 _aLewisburg, N.Y. :
_bBucknell University Press,
_cc2011.
300 _a198 p.
490 1 _aNew studies in the age of Goethe
504 _aIncludes bibliographical references and index.
505 0 _aPt. I -- Riddle and obscurity in early romanticism -- From irritant to ideal: the transvaluation of riddle -- The closed circle of criticism -- Alethic aesthetics: Hegel's riddle of the symbol -- Wordplay and identity in Tieck's early prose -- Pt. II -- Reading the psyche: the human riddle -- The inaugural gesture of psychoanalysis -- The joke and its other: toward a Freudian concept of riddle -- The riddle as Freud's textual model -- Trauma and the other Oedipus complex.
533 _aElectronic reproduction.
_bPalo Alto, Calif. :
_cebrary,
_d2013.
_nAvailable via World Wide Web.
_nAccess may be limited to ebrary affiliated libraries.
600 1 0 _aFreud, Sigmund,
_d1856-1939.
650 0 _aGerman literature
_y18th century
_xHistory and criticism.
650 0 _aGerman literature
_y19th century
_xHistory and criticism.
650 0 _aRiddles in literature.
650 0 _aSymbolism in literature.
650 0 _aRomanticism
_zGermany.
655 7 _aElectronic books.
_2local
710 2 _aebrary, Inc.
830 0 _aNew studies in the age of Goethe.
856 4 0 _uhttp://site.ebrary.com/lib/rucke/Doc?id=10483538
_zAn electronic book accessible through the World Wide Web; click to view
999 _c122797
_d122797